| 000 | 01047nas a2200325 4500 | ||
|---|---|---|---|
| 001 | BR2013008426 | ||
| 003 | BR-BrBNA | ||
| 005 | 20231205123200.0 | ||
| 007 | ta | ||
| 008 | 230509b bl.|||p| |||| 00| 00por d | ||
| 040 |
_aBR-BrBNA _bpor _cBiblioteca Nacional de Agricultura |
||
| 041 | _a(En) | ||
| 072 | _aL73 | ||
| 100 | 1 | _aKozerski, N.D. | |
| 100 | 1 | _aCaldato, L.D. | |
| 100 | 1 | _aCeranto, J.B. de A. | |
| 100 | 1 | _aSöhsten, A.L.V. | |
| 100 | 1 | _aMessa, V. | |
| 100 | 1 | _aSilva, A.V. da | |
| 245 | 1 | _aOccurrence of Cryptosporidum sp in sinantropic Rattus (Fischer, 1803)and Mus (Linnaeus, 1758)captured in the urban area of Umuarama, PR, Brazil | |
| 650 | _aROEDOR | ||
| 650 | _aCRYPTOSPORIDIUM SP | ||
| 650 | _aCONTAMINAÇÃO | ||
| 650 | _aMEIO AMBIENTE | ||
| 650 | _aZONA URBANA | ||
| 650 | _aZOONOSE | ||
| 773 | 0 |
_tArquivos de Ciências Veterinárias e Zoologia da Unipar (Brazil) _xISSN 1415-8167 _g(Jul-Dec 2012), v. 15(2) p. 133-136 _wBR2013008426 |
|
| 909 |
_a202311 _bLúcia _c55 _dLúcia Elande |
||
| 942 |
_2AGRIS _n0 _cANA |
||
| 999 |
_c232574 _d232574 |
||